Heat transfer (Record no. 3641)

000 -LEADER
fixed length control field 00564nam a2200229 a 4500
001 - CONTROL NUMBER
control field 3641
003 - CONTROL NUMBER IDENTIFIER
control field BD-DhUET
008 - FIXED-LENGTH DATA ELEMENTS--GENERAL INFORMATION
fixed length control field 960506s1997 nyua b 001 0 eng
020 ## - INTERNATIONAL STANDARD BOOK NUMBER
International Standard Book Number 0071143203
020 ## - INTERNATIONAL STANDARD BOOK NUMBER
International Standard Book Number 0078447852
040 ## - CATALOGING SOURCE
Original cataloging agency DLC
Transcribing agency DLC
Modifying agency BD-DhUET
082 00 - DEWEY DECIMAL CLASSIFICATION NUMBER
Classification number 621.011
Item number HOL/1997
100 1# - MAIN ENTRY--PERSONAL NAME
Personal name Holman, J. P.
245 10 - TITLE STATEMENT
Title Heat transfer
250 ## - EDITION STATEMENT
Edition statement 8th ed.
260 ## - PUBLICATION, DISTRIBUTION, ETC. (IMPRINT)
Place of publication, distribution, etc. New York
Name of publisher, distributor, etc. McGraw-Hill
Date of publication, distribution, etc. 1997
300 ## - PHYSICAL DESCRIPTION
Extent xviii, 696 p.
Other physical details ill.
490 ## - SERIES STATEMENT
Series statement Schaum's outline series
504 ## - BIBLIOGRAPHY, ETC. NOTE
Bibliography, etc Includes bibliographies
650 #0 - SUBJECT ADDED ENTRY--TOPICAL TERM
Topical term or geographic name as entry element Heat transfer
942 ## - ADDED ENTRY ELEMENTS (KOHA)
Koha item type General Book
Holdings
Not for loan Koha item type Koha normalized classification for sorting Piece designation (barcode) Withdrawn status Koha out on loan Lost status Date acquired Source of classification or shelving scheme Koha date last seen Koha issues (times borrowed) Location (home branch) Koha date last borrowed Shelving location Damaged status Koha full call number Price effective from Sublocation or collection (holding branch) Copy number
 General Book621_011000000000000_HOL_199792450 2025-05-11 2014-11-03 2025-04-273Central Library, BUET2025-04-27Circulation section 621.011/HOL/19972014-11-03Central Library, BUET1
 General Book621_011000000000000_HOL_199792452   2014-11-03 2014-11-03 Central Library, BUET Circulation section 621.011/HOL/19972014-11-03Central Library, BUET2
 General Book621_000000000000000_011HOL199792453   2014-11-03 2016-07-30 Central Library, BUET Circulation section 621.011/HOL/19972014-11-03Central Library, BUET3
 General Book621_000000000000000_011HOL199792454   2014-11-03 2022-06-081Central Library, BUET2022-01-09Circulation section 621.011/HOL/19972014-11-03Central Library, BUET4
 General Book621_000000000000000_011HOL199792455   2014-11-03 2024-10-282Central Library, BUET2024-10-02Circulation section 621.011/HOL/19972014-11-03Central Library, BUET5
 General Book621_000000000000000_011HOL199792457   2014-11-03 2024-08-313Central Library, BUET2023-12-10Circulation section 621.011/HOL/19972014-11-03Central Library, BUET6
 General Book621_000000000000000_011HOL199792459   2014-11-03 2014-11-03 Central Library, BUET Circulation section 621.011/HOL/19972014-11-03Central Library, BUET7
 General Book621_011000000000000_HOL_199792460   2014-11-03 2024-08-281Central Library, BUET2024-03-12Circulation section 621.011/HOL/19972014-11-03Central Library, BUET8
 General Book621_000000000000000_011HOL199792461   2014-11-03 2024-06-221Central Library, BUET2024-04-08Circulation section 621.011/HOL/19972014-11-03Central Library, BUET9
 General Book621_000000000000000_011HOL199792462   2014-11-03 2025-03-125Central Library, BUET2024-12-10Circulation section 621.011/HOL/19972014-11-03Central Library, BUET10
 General Book621_000000000000000_011HOL199792464   2014-11-03 2017-05-031Central Library, BUET2015-03-04Circulation section 621.011/HOL/19972014-11-03Central Library, BUET11
 General Book621_000000000000000_011HOL199792465   2014-11-03 2019-07-103Central Library, BUET2019-06-17Circulation section 621.011/HOL/19972014-11-03Central Library, BUET12
 General Book621_000000000000000_011HOL199792466   2014-11-03 2022-06-083Central Library, BUET2022-05-24Circulation section 621.011/HOL/19972014-11-03Central Library, BUET13
 General Book621_011000000000000_HOL_199792468   2015-04-12 2015-04-12 Central Library, BUET Circulation section 621.011 HOL/19972015-04-12Central Library, BUET14
 Reading Item621_011000000000000_HOL_199792447   2015-07-02 2015-07-02 Central Library, BUET Reading section 621.011/HOL/19972015-07-02Central Library, BUET15
 Reading Item621_011000000000000_HOL_199792446   2015-07-09 2015-07-09 Central Library, BUET Reading section 621.011/HOL/19972015-07-09Central Library, BUET16